000 00909nam a2200253 i 4500
001 186928
003 ES-MaACL
005 20250915180943.0
008 170301s1970 sp ao |||| | spa d
080 _a001(035)
080 _a930.85:303.733.4
100 1 _aGoldstein, Kenneth K.
_9161933
245 1 3 _aEl mundo del futuro /
_cKenneth K. Goldstein ; [traducción de María Gloria Rossi].
260 _aBarcelona :
_bNoguer,
_c[1970]
300 _a127 p. :
_bil. col. y n., fot. ;
_c26 cm.
490 1 _aInternational library. Biblioteca de divulgación ;
_v1
500 _aÍndice.
650 0 4 _aCiencia-
_vObras de divulgación
_910959
650 0 4 _aCivilización futura.
_911094
700 1 _aRossi Callizo, Gloria .
_9161934
830 0 _aInternational library. Biblioteca de divulgación ;
_v1
_9192697
852 _aES-MaACL
_jL-31175
_z- enc. cart.
999 _c186928
_d186928